| 000 | 00496nam a2200181Ia 4500 | ||
|---|---|---|---|
| 005 | 20250508152718.0 | ||
| 008 | 008 250505s9999 xx 000 0 eng d | ||
| 037 | _aTextual | ||
| 040 |
_aFEDL _beng _cFEDL |
||
| 041 |
_aeng _2eng |
||
| 084 |
_a954.03, SAR _qFEDL |
||
| 100 |
_aSarkar S C _9427683 |
||
| 245 | 0 | _aModern Indian history | |
| 260 |
_aAllahabad, India _bThe Indian Press Pvt. Ltd. |
||
| 300 | _a405p. | ||
| 942 |
_cTEXL _h954.03, SAR |
||
| 999 |
_c1338226 _d1338226 |
||